Therapeutic communication Developing professional skills

Uloženo v:
Podrobná bibliografie
Hlavní autor: KNAPP, Herschel
Médium: Kniha
Jazyk:angličtina
Vydáno: Sage Publications 2015
Tagy: Přidat tag
Žádné tagy, Buďte první, kdo vytvoří štítek k tomuto záznamu!

MARC

LEADER 00000nam a22000007a 4500
008 210122b ||||| |||| 00| 0 eng d
020 |a 978-1-4833-4461-4 
100 |a KNAPP, Herschel. 
245 |a Therapeutic communication  |b Developing professional skills  |c Herschel Knapp  |g  xvii; 298p.; ill. 
250 |b 2nd ed. 
260 |b Sage Publications  |c 2015  |h Los Angeles  |i 691960  |i 691961  |l RC437.2 .K72  |m Communication in psychiatry. 
942 |a lcc  |c BK  |e YUNUSA, A.A.  |f 22/01/2021 
952 |0 0  |1 0  |2 lcc  |4 0  |6 RC04372 K72  |7 0  |9 1529  |a HOL  |b ML  |c QZ  |d 2021-01-22  |l 0  |o RC437.2 .K72  |p 2021-0323  |r 2021-01-22 00:00:00  |w 2021-01-22  |y BK 
952 |0 0  |1 0  |2 lcc  |4 0  |6 RC04372 K72  |7 0  |9 1530  |a HOL  |b HOL  |c QZ  |d 2021-01-22  |l 0  |o RC437.2 .K72  |p 2021-0324  |r 2021-01-22 00:00:00  |w 2021-01-22  |y BK 
999 |c 805  |d 805